| 000 -LEADER |
| fixed length control field |
00646nam a22001697a 4500 |
| 008 - FIXED-LENGTH DATA ELEMENTS--GENERAL INFORMATION |
| fixed length control field |
151208b xxu||||| |||| 00| 0 eng d |
| 020 ## - INTERNATIONAL STANDARD BOOK NUMBER |
| International Standard Book Number |
0970045506 |
| 041 0# - LANGUAGE CODE |
| Language code of text/sound track or separate title |
eng |
| 080 ## - UNIVERSAL DECIMAL CLASSIFICATION NUMBER |
| Universal Decimal Classification number |
658.8 |
| 100 1# - Rafti |
| Rafti |
Axelrod, Terry. |
| 245 10 - TITLE STATEMENT |
| Title |
Raising More Money : |
| Statement of responsibility, etc |
Terry Axelrod. |
| 250 ## - |
| -- |
2nd ed. |
| 260 ## - |
| -- |
Seattle, WA : |
| -- |
Raising More Money Publications, |
| -- |
2001. |
| 300 ## - |
| -- |
266 f. : |
| -- |
me ill. ; |
| -- |
24 cm. |
| 650 #0 - |
| -- |
Rritja e fondeve |
| -- |
Menaxhimi |
| 942 ## - ADDED ENTRY ELEMENTS (KOHA) |
| Source of classification or shelving scheme |
|
| Item type |
Books |